Účtovná závierka podnikateľov za rok 1998

Základné právne normy na vedenie účtovníctva. Činnosti, ktoré treba uskutočniť pred zostavením účtovnej závierky. Inventarizácia ako základný prvok uzávierkových prác.

Gespeichert in:
Bibliographische Detailangaben
1. Verfasser: Šlosárová, Anna
Format: Buchkapitel
Sprache:Slowakisch
Schlagworte:
Tags: Tag hinzufügen
Keine Tags, Fügen Sie das erste Tag hinzu!

MARC

LEADER 00000naa a2200000 4500
001 r033917
005 20230929092737.1
041 0 |a slo 
044 |a SK 
245 1 0 |a Účtovná závierka podnikateľov za rok 1998  |c Anna Šlosárová 
520 |a Základné právne normy na vedenie účtovníctva. Činnosti, ktoré treba uskutočniť pred zostavením účtovnej závierky. Inventarizácia ako základný prvok uzávierkových prác. 
610 2 0 |a závierka účtovná 
610 2 0 |a podnikatelia 
610 2 0 |a normy právne 
610 2 0 |a účtovníci 
610 2 0 |a inventarizácia 
610 2 0 |a 1998 
100 1 |a Šlosárová, Anna